| 000 | 00396nam a2200145Ia 4500 | ||
|---|---|---|---|
| 008 | 221030s9999 xx 000 0 und d | ||
| 041 | _aEnglish | ||
| 082 | _a105.23 | ||
| 100 | _aImamichi Tomonobu | ||
| 245 | 0 | _aIn Search of Wisdom One Philosopher`s Journey ( DEPARTMENTAL ) | |
| 260 |
_bInternational House of Japan _aJapan _c2004 |
||
| 300 | _a279 | ||
| 650 | _aCSE Departmental | ||
| 942 | _cBK | ||
| 999 |
_c5607 _d5607 |
||